Acción de lesividad por vía de reconvención (Registro nro. 16654)

Detalles MARC
000 -LEADER
fixed length control field 00329 a2200109 4500
001 - CONTROL NUMBER
control field ART_2581
005 - DATE AND TIME OF LATEST TRANSACTION
control field 20260410161717.0
008 - FIXED-LENGTH DATA ELEMENTS--GENERAL INFORMATION
fixed length control field 260409a
100 1# - MAIN ENTRY--PERSONAL NAME
Personal name Buteler, Alfonso
245 10 - TITLE STATEMENT
Title Acción de lesividad por vía de reconvención
773 0# - HOST ITEM ENTRY
Title Derecho administrativo
Related parts - Nº 77 (jul./sep. 2011)
Record control number REV1721

No hay ítems disponibles.